000 00362nam a2200145Ia 4500
008 151213s9999 xx 000 0 und d
100 _aGraham . Holderhess
245 _aHamlet
_cGraham . Holderhess
260 _aNew Dilhi
_bViva Books
_c2003
300 _a2210 p.
650 _aEnglish
650 _aEnglish
700 _aGraham . Holderhess
999 _c1615
_d1615